| 000 | 00918nam a22002297a 4500 | ||
|---|---|---|---|
| 001 | EIF-X-2019-M8-006 | ||
| 003 | OSt | ||
| 005 | 20230102103214.0 | ||
| 008 | 230102b |||||||| |||| 00| 0 eng d | ||
| 040 |
_aFundación Jesús Pereda _cFundación Jesús Pereda |
||
| 041 | _aCastellano | ||
| 100 |
_uUniversitat de València _aRamírez Riquelme, Javier _91116 |
||
| 111 |
_aEncuentro de Investigadores del Franquismo _c(Valencia. _d2019. _n10º) _9102 |
||
| 245 |
_aRepresentaciones de la clase trabajadora en el cine español _fc.1967-1979 _c/Javier Ramírez Riquelme |
||
| 650 | 0 |
_9831 _aCine |
|
| 650 | 0 |
_9122 _aClase obrera |
|
| 650 | 0 |
_9667 _aTardofranquismo |
|
| 650 | 0 |
_9534 _aTransición española |
|
| 773 |
_tActas del X Encuentro de Investigadores del Franquismo _g955-968 p. |
||
| 856 | _uhttps://bibliotecaccoocyl.fundacionjesuspereda.es/cgi-bin/koha/opac-retrieve-file.pl?id=ee14aaf57ce85a949252355f4174f79c | ||
| 942 |
_2ddc _cCF _n0 |
||
| 999 |
_c667 _d667 |
||